| 000 | 00368nam a22001457a 4500 | ||
|---|---|---|---|
| 020 | _a9787520324694 | ||
| 040 | _cNUST | ||
| 082 |
_a320.951 _bZHE |
||
| 100 |
_aHan Zhen and Zhang Weiwen _986506 |
||
| 245 |
_aChina's values / _cHan Zhen and Zhang Weiwen |
||
| 260 |
_aChina Social Sciences press _bChina _c2018 |
||
| 300 | _a378p | ||
| 942 |
_2ddc _cBK |
||
| 999 |
_c608399 _d608399 |
||